| 000 | 01084cam a22002897a 4500 | ||
|---|---|---|---|
| 001 | 14974731 | ||
| 003 | OSt | ||
| 005 | 20240624130212.0 | ||
| 008 | 070821s2007 enka b 001 0 eng | ||
| 010 | _a 2007278693 | ||
| 020 | _a9780521870948 | ||
| 020 | _a0521870941 | ||
| 020 | _a9780521691413 | ||
| 035 | _a(OCoLC)ocn132288187 | ||
| 040 |
_aMUST _cMUST |
||
| 082 | 0 | 4 |
_a516.35 HAS 2007, _220 |
| 100 | 1 |
_aHassett, Brendan. _917700 |
|
| 245 | 1 | 0 |
_aIntroduction to algebraic geometry / _cBrendan Hassett. |
| 260 |
_aCambridge ; _aNew York : _bCambridge University Press, _c2007. |
||
| 300 |
_axii, 252 p. : _bill. ; _c25 cm. |
||
| 504 | _aIncludes bibliographical references and index. | ||
| 650 | 0 |
_aGeometry, Algebraic. _917295 |
|
| 856 | 4 | 2 |
_3Contributor biographical information _uhttp://www.loc.gov/catdir/enhancements/fy0729/2007278693-b.html |
| 856 | 4 | 2 |
_3Publisher description _uhttp://www.loc.gov/catdir/enhancements/fy0729/2007278693-d.html |
| 856 | 4 | 1 |
_3Table of contents only _uhttp://www.loc.gov/catdir/enhancements/fy0729/2007278693-t.html |
| 942 |
_2ddc _cO_SHELF |
||
| 999 |
_c8754 _d8754 |
||